Top 10 des animaux les plus rapides - Statistiques

Statistiques générales
  • Ce quiz a été pris 119 fois
  • Le résultat moyen est 3 sur 10
Statistiques - réponses
Hint Réponse % Correct
120 km/h Guépard
91%
80 km/h Lion
74%
98 km/h Antilope
36%
71 km/h Cheval
32%
389 km/h Faucon pèlerin
27%
130 km/h Espadon
22%
60 km/h Lièvre
14%
65 km/h Gnou
9%
170 km/h Martinet épineux
1%
77 km/h Thon rouge
0%
Aucun quiz correspondant
Distribution des résultats
% des personnes avec chaque résultat
Percentile par nombre de réponses
Votre historique - résultats
Vous n’avez pas pris ce quiz